Lengua 2 Puertas Abiertas

Saved in:
Bibliographic Details
Main Author: Ferrá, C Coordinador
Format: Unknown
Language:Spanish
Published: Montevideo Santillana 1998
Textbook Catalogue:MANES:  Library Catalog Search Result
Textbook Classification:
Subjects:
Tags: Add Tag
No Tags, Be the first to tag this record!
Added to:2016-04-26

MARC

LEADER 000000000a22000000004500
001 37817
008 160427s uy ||||| |||| 00| 0 spa d
040 |a manes  |c manes 
100 1 |a Ferrá, C  |b Coordinador 
245 0 0 |a  Lengua 2 Puertas Abiertas 
260 |a Montevideo  |b Santillana  |c 1998 
300 |a 143  |c 21 x 27 cm. 
500 |a Ilustrado. Agunos textos de este libro son similares a los de la colección Ciencias Sociales de la Editorial Santillana. 
546 |a Uruguay 
650 7 |a Lenguaje 
655 7 |a Primaria 
999 |c 49572  |d 49572 
999 |c manes:49572  |d 49572